<?xml version="1.0" encoding="UTF-8"?>
<collection xmlns="http://www.loc.gov/MARC21/slim">
 <record>
  <leader>01481nam a22002297a 4500</leader>
  <controlfield tag="001">NCT_149628</controlfield>
  <controlfield tag="008">230407b        xxu||||| |||| 00| 0 vie d</controlfield>
  <datafield tag="999" ind1=" " ind2=" ">
   <subfield code="c">7716</subfield>
   <subfield code="d">7716</subfield>
  </datafield>
  <datafield tag="020" ind1=" " ind2=" ">
   <subfield code="a">9786046659822</subfield>
   <subfield code="c">375000</subfield>
  </datafield>
  <datafield tag="082" ind1="0" ind2="4">
   <subfield code="2">23rd ed.</subfield>
   <subfield code="a">615</subfield>
   <subfield code="b">Kh452</subfield>
  </datafield>
  <datafield tag="100" ind1="1" ind2=" ">
   <subfield code="a">Nguyễn Ngọc Khôi</subfield>
   <subfield code="e">Chủ biên</subfield>
  </datafield>
  <datafield tag="245" ind1="1" ind2="0">
   <subfield code="a">Dược lâm sàng và điều trị :</subfield>
   <subfield code="b">Giáo trình giảng dạy đại học</subfield>
   <subfield code="c">Nguyễn Ngọc Khôi, Đặng Nguyễn Đoan Trang (Chủ biên)</subfield>
  </datafield>
  <datafield tag="250" ind1=" " ind2=" ">
   <subfield code="a">Tái bản lần thứ 1</subfield>
  </datafield>
  <datafield tag="260" ind1=" " ind2=" ">
   <subfield code="a">H.</subfield>
   <subfield code="b">Y học</subfield>
   <subfield code="c">2023</subfield>
  </datafield>
  <datafield tag="300" ind1=" " ind2=" ">
   <subfield code="a">739 tr.</subfield>
   <subfield code="b">minh họa</subfield>
   <subfield code="c">27cm</subfield>
  </datafield>
  <datafield tag="500" ind1=" " ind2=" ">
   <subfield code="a">ĐTTS ghi: Đại học Y dược Tp. Hồ Chí Minh. Bộ môn Dược lâm sàng</subfield>
  </datafield>
  <datafield tag="520" ind1="3" ind2=" ">
   <subfield code="a">Nội dung sách bao gồm 37 bài và 7 Phụ lục hướng dẫn chẩn đoán và điều trị một số bệnh lý về Huyết học - Truyền máu. Trong đó, tập trung vào hướng dẫn thực hành chẩn đoán và điều trị, vì vậy sẽ rất hữu ích cho các thầy thuốc đa khoa, chuyên khoa trong thực hành lâm sàng hàng ngày.</subfield>
  </datafield>
  <datafield tag="653" ind1=" " ind2=" ">
   <subfield code="a">Dược học</subfield>
  </datafield>
  <datafield tag="700" ind1="1" ind2=" ">
   <subfield code="a">Đặng Nguyễn Đoan Trang</subfield>
   <subfield code="e">Chủ biên</subfield>
  </datafield>
  <datafield tag="942" ind1=" " ind2=" ">
   <subfield code="2">ddc</subfield>
   <subfield code="c">BK</subfield>
  </datafield>
  <datafield tag="952" ind1=" " ind2=" ">
   <subfield code="0">0</subfield>
   <subfield code="1">0</subfield>
   <subfield code="2">ddc</subfield>
   <subfield code="4">0</subfield>
   <subfield code="6">615_000000000000000_KH452</subfield>
   <subfield code="7">0</subfield>
   <subfield code="9">27592</subfield>
   <subfield code="a">000001</subfield>
   <subfield code="b">000001</subfield>
   <subfield code="d">2023-05-13</subfield>
   <subfield code="o">615 Kh452</subfield>
   <subfield code="p">MD.21801</subfield>
   <subfield code="r">2023-05-13</subfield>
   <subfield code="v">375000.00</subfield>
   <subfield code="w">2023-05-13</subfield>
   <subfield code="y">BK</subfield>
  </datafield>
  <datafield tag="980" ind1=" " ind2=" ">
   <subfield code="a">Thư viện Trường Đại học Nam Cần Thơ</subfield>
  </datafield>
 </record>
</collection>
